00347nam a2200145Ia 4500008004100000084001300041100002800054245002500082250002000107260000900127260000900136260001200145300000900157500003500166180424s9999 xx 000 0 und d aT10 S4:7 a"Sundharavadivelu, N D" 0aSoviyath Kalvi Murai a\\197700TAMGPCX aNCBH b1977 cChennai a134p aincludes index and biblioraphy